000
00298nam a22001337a 4500
003
SGT
082
_a
615.53
_b
C15S
100
_a
SHUKLA, ACHARYA VIDYADHAR
245
_a
CHARAK SAMHITA
260
_a
VARANASI
_b
CHAUKHAMBHA PUB
_c
2015
300
_a
999
650
_a
CHARAK SAMHITA
942
_2
ddc
_c
BK
_0
27
999
_c
8730
_d
8730